000 00550nam a2200205Ia 4500
001 7035
003 GE_BSU
008 181216s||||||||xx |||||||||||||| ||und||
040 _cGE_BSU
080 _a519.21(076.1)(075.8)
100 _aАгапов,Г.И.
245 _aЗадачник по теории вероятностей
260 _aМосква
260 _bВысшая школа
260 _c1986
300 _a80стр. 22см.
653 _aМатематика
653 _aТеория вероятностей
942 _cBK
999 _c40426
_d40426